000 00335nam a2200133Ia 4500
008 220217s9999||||xx |||||||||||||| ||und||
020 _a9788190935630
082 _a621.395 ASH
100 _aAshenden, Peter, J
245 0 _aDigital design
260 _aElsevier
_bNew Delhi
_c2014
300 _aXX, 557p.
_b510
650 _aVHDL
999 _c185755
_d185755